Schnelle Mathematik - Multiplikation zur Basis 4 Level 01 - Statistiken

Allgemein
  • Dieses Quiz wurde 101 mal gespielt
  • Das Durchschnittsergebnis liegt bei 13 aus 20
Antwortstatistiken
Frage Antwort % Korrekt
0⋅1 0
85%
0⋅0 0
83%
3⋅1 3
83%
0⋅3 0
81%
1⋅0 0
81%
2⋅0 0
81%
1⋅1 1
81%
1⋅3 3
81%
3⋅0 0
79%
2⋅1 2
79%
0⋅0 0
77%
0⋅2 0
77%
1⋅1 1
77%
1⋅2 2
77%
2⋅2 10
26%
2⋅2 10
26%
2⋅3 12
23%
3⋅2 12
23%
3⋅3 21
23%
3⋅3 21
23%
Keine übereinstimmenden Quizze gefunden
Verteilung der Resultate
Anzahl Personen mit jedem Resultat
Perzentil nach korrekt beantworteten Fragen
Ihre Resultats-Entwicklung
Sie haben dieses Quiz noch nicht gespielt